[Event "Vaujany 2019 Accession"]
[Site "Vaujany"]
[Date "2019.07.17"]
[Round "7.6"]
[White "Leal, Yves"]
[Black "Orihel, Ethan"]
[Result "1-0"]
[WhiteElo "1720"]
[BlackElo "1680"]
[PlyCount "71"]
[EventDate "2019.07.??"]
[EventType "swiss"]
[EventRounds "9"]
[EventCountry "FRA"]

1. e4 e5 2. Bc4 Nf6 3. Nc3 Nxe4 4. Qh5 Nd6 5. Bb3 Nc6 6. Nf3 (6. Nb5 g6 7. Qf3
f5 8. Qd5 Qe7 9. Nxc7+ Kd8 10. Nxa8) 6... g6 7. Qg4 Bg7 8. d3 h6 9. Bd2 Na5 10.
O-O Nxb3 11. axb3 Nf5 12. Qc4 O-O 13. Rfe1 d6 14. Qb4 c5 15. Qa4 Ne7 16. Nb5 d5
17. Qh4 Nc6 18. Qg3 Re8 19. h4 Bf5 20. h5 a6 21. Nc3 e4 22. Nh4 Be5 23. Bf4
Bxf4 24. Qxf4 Nb4 25. Nxf5 gxf5 26. Re3 Qf6 27. Rg3+ Kh7 28. dxe4 dxe4 29. Rd1
Rad8 30. Rxd8 Rxd8 31. Nxe4 Qxb2 32. Qxf5+ Kh8 33. Nf6 Qxc2 34. Qf4 Qd2 35.
Qxd2 Rxd2 36. Rg8# 1-0

[Event "Vaujany 2019 Accession"]
[Site "Vaujany"]
[Date "2019.07.17"]
[Round "7.7"]
[White "Corfield, Zoé"]
[Black "Lees, Jean Pierre"]
[Result "1-0"]
[WhiteElo "1682"]
[BlackElo "1710"]
[PlyCount "61"]
[EventDate "2019.07.??"]
[EventType "swiss"]
[EventRounds "9"]
[EventCountry "FRA"]

1. e4 e6 2. d4 d5 3. Nc3 Nf6 4. e5 Nfd7 5. f4 c5 6. Nf3 Nc6 7. Be3 cxd4 8. Nxd4
Bc5 9. Be2 a6 (9... O-O) 10. O-O b5 (10... Nxd4 11. Bxd4 Qb6 12. Bxc5 Qxc5+) (
10... O-O 11. Kh1 Nxd4 12. Bxd4 Qc7) (10... Qb6 11. Na4 Bxd4 12. Nxb6 Bxe3+ 13.
Kh1 Nxb6) 11. Qd2 Qb6 12. Rad1 Bb7 13. Bf2 Rc8 14. Nxc6 Qxc6 15. Bxc5 Qxc5+ 16.
Qd4 Nb6 17. Qxc5 Rxc5 18. Bd3 Ke7 19. Ne2 Na4 20. b4 Rc7 21. Rde1 Rhc8 22. Nd4
Nc3 23. a3 Na4 (23... Ne4) 24. f5 $1 Nb2 (24... exf5 25. e6) 25. fxe6 Nxd3 $4 (
25... fxe6 26. Bxh7 Rc4 27. Rf4) 26. Rxf7+ Ke8 27. cxd3 Rxf7 28. exf7+ Kxf7 29.
e6+ Kg8 30. Nf5 Bc6 31. Ne7+ 1-0

[Event "Vaujany 2019 Accession"]
[Site "Vaujany"]
[Date "2019.07.17"]
[Round "7.8"]
[White "Jean, Robert"]
[Black "Beurois, Alexandre"]
[Result "0-1"]
[WhiteElo "1564"]
[BlackElo "1701"]
[PlyCount "57"]
[EventDate "2019.07.??"]
[EventType "swiss"]
[EventRounds "9"]
[EventCountry "FRA"]

1. c4 c5 2. g3 Nf6 3. Bg2 e6 4. Nf3 Nc6 5. O-O d5 6. b3 Be7 7. Bb2 d4 8. e3 e5
9. exd4 exd4 10. Re1 O-O 11. d3 Bf5 12. a3 a5 13. h3 h6 14. Qc2 Qd7 15. Kh2 Bd6
16. Nbd2 Rae8 17. Nh4 Bh7 18. f4 Qc7 19. Ne4 Nxe4 20. Bxe4 Bxf4 21. Bxh7+ Kxh7
22. Qf2 (22. gxf4 Qxf4+ 23. Kg2 Qxh4) 22... Be3 23. Qf5+ g6 24. Qf1 f5 25. Ng2
f4 26. Nxf4 Bxf4 27. gxf4 Rxf4 28. Qg1 Rf1+ 29. Qg3 0-1

[Event "Vaujany 2019 Accession"]
[Site "Vaujany"]
[Date "2019.09.17"]
[Round "7.9"]
[White "Josse, Mathilde"]
[Black "dreelinck, Adriaan"]
[Result "1-0"]
[WhiteElo "1696"]
[BlackElo "1669"]
[PlyCount "121"]
[EventDate "2019.07.??"]
[EventType "swiss"]
[EventRounds "9"]
[EventCountry "FRA"]

1. e4 c5 2. Nf3 e6 3. c3 Nf6 4. Qc2 d5 5. Bb5+ Bd7 6. Bxd7+ Nfxd7 7. exd5 exd5
8. d4 Nc6 9. Be3 c4 10. O-O Be7 11. Qf5 Nf6 12. Ne5 g6 13. Qh3 Nd7 14. Bh6
Ndxe5 15. dxe5 Qd7 16. Qe3 O-O-O 17. Nd2 Qe6 18. Nf3 Rhe8 19. b4 f6 20. Rfe1
Nxe5 21. Nxe5 Qxe5 22. Qxa7 Qb8 23. Qd4 Bd6 24. Rxe8 Rxe8 25. g3 Be5 26. Qxd5
Bxc3 27. Qxc4+ Qc7 28. Qxc7+ Kxc7 29. Rc1 Re1+ 30. Rxe1 Bxe1 31. Bf8 Kb6 32.
Kf1 Bc3 33. a4 Kc6 34. Ke2 Kd5 35. Kd3 Bd4 36. f3 h5 37. Bg7 Bg1 38. h3 f5 39.
g4 hxg4 40. hxg4 Bf2 41. gxf5 gxf5 42. a5 Be1 43. Bf8 Bf2 44. Be7 Bg3 45. Bc5
Bc7 46. Bd4 Bd8 47. Be3 Bc7 48. Kc3 Be5+ 49. Kb3 f4 50. Bb6 Bd6 51. Kc3 Be5+
52. Kd3 Bd6 53. b5 Be5 54. a6 bxa6 55. bxa6 Kc6 56. a7 Kb7 57. Ke4 Bd6 58. Bd4
Ka8 59. Be5 Ba3 60. Bb8 Bc1 61. Bxf4 1-0

[Event "Vaujany 2019 Accession"]
[Site "Vaujany"]
[Date "2019.07.17"]
[Round "7.10"]
[White "Dreelinck, Jacob"]
[Black "Sesia, Noah"]
[Result "0-1"]
[WhiteElo "1508"]
[BlackElo "1852"]
[PlyCount "100"]
[EventDate "2019.07.??"]
[EventType "swiss"]
[EventRounds "9"]
[EventCountry "FRA"]

1. d4 d5 2. e4 e6 (2... dxe4 3. Nc3 Nf6 4. f3 exf3 5. Nxf3) 3. Nc3 Nf6 4. e5
Nfd7 5. f4 c5 6. Nf3 Nc6 7. Be3 cxd4 8. Nxd4 a6 9. Qd2 Bc5 10. O-O-O O-O 11. h4
Bxd4 12. Bxd4 b5 13. Rh3 Qa5 14. Kb1 b4 15. Ne2 Qc7 16. Rg3 a5 17. f5 Nxd4 18.
Qxd4 Qxe5 19. h5 Qxd4 20. Nxd4 Nf6 21. h6 g6 22. Bd3 Bd7 23. Rf1 exf5 24. Nxf5
Bxf5 25. Rxf5 Ne4 26. Rg4 Rfe8 27. Kc1 Rad8 28. Rf1 Re5 29. Rgf4 Rd7 30. Rd1
Rde7 31. Bxe4 dxe4 32. Rd8+ Re8 33. Rxe8+ Rxe8 34. Kd2 Re5 35. g4 f5 36. c4 Kf7
37. g5 Ke6 38. Ke3 Rc5 39. Kd4 Rc8 40. Rf2 Rd8+ 41. Ke3 Ke5 42. a3 f4+ 43. Ke2
e3 44. Rf1 Ke4 45. axb4 axb4 46. c5 f3+ 47. Rxf3 Rd2+ 48. Ke1 Kxf3 49. c6 Rd6
50. c7 e2 0-1

[Event "Vaujany 2019 Accession"]
[Site "Vaujany"]
[Date "2019.07.17"]
[Round "7.12"]
[White "Farkas, Otto"]
[Black "Phelan, Leo"]
[Result "0-1"]
[WhiteElo "1674"]
[BlackElo "1780"]
[PlyCount "72"]
[EventDate "2019.07.??"]
[EventType "swiss"]
[EventRounds "9"]
[EventCountry "FRA"]

1. d4 Nf6 2. c4 e5 3. dxe5 Ng4 4. Nf3 Bc5 5. e3 Nc6 6. Be2 Ngxe5 7. Nxe5 Nxe5
8. Nd2 O-O 9. Ne4 Be7 10. b3 d6 11. h3 Bf5 12. Ng3 Bg6 13. Nh5 Re8 14. Bb2 c6
15. O-O Qc7 16. f4 Nd7 17. f5 Bxh5 18. Bxh5 Bf6 19. Bxf6 Nxf6 20. Re1 Rad8 21.
Bf3 Qb6 22. Qd4 Qa5 23. g4 d5 24. Re2 Qc7 25. Kg2 Ne4 26. Bxe4 Rxe4 27. Qd3 Qe7
28. Kf3 Qh4 29. Rh1 Rxg4 30. hxg4 Qxh1+ 31. Rg2 h5 32. gxh5 Qxh5+ 33. Kf4 Qh4+
34. Rg4 Qf2+ 35. Ke5 Qh2+ 36. Rf4 f6+ 0-1

[Event "Vaujany 2019 Accession"]
[Site "Vaujany"]
[Date "2019.07.17"]
[Round "7.15"]
[White "Hodot, Yves"]
[Black "Masalles, Roland"]
[Result "1-0"]
[WhiteElo "1850"]
[BlackElo "1562"]
[PlyCount "49"]
[EventDate "2019.07.??"]
[EventType "swiss"]
[EventRounds "9"]
[EventCountry "FRA"]

1. e4 c6 2. d4 d5 3. e5 Bf5 4. Nc3 (4. Nf3) (4. h4) (4. Bd3) (4. g4) 4... e6 5.
g4 (5. Nf3) 5... Bg6 6. h4 h5 7. Nh3 (7. g5 c5 8. Nge2 Nc6) 7... hxg4 (7... c5
8. Nf4 Bh7 9. g5 cxd4 10. Nb5 Nc6 11. g6 Bxg6 12. Nxg6 fxg6 13. Nxd4 Nxd4 14.
Qxd4 Qa5+ 15. Bd2 Qc5 16. Qa4+ Kf7 17. Qf4+ Ke8 18. Rh3 d4 19. Rf3 Ne7 20. Qf7+
Kd7 21. O-O-O Rc8 22. Bc3 Rc6 23. Rxd4+ Kc7 24. Rfd3 Kb8 25. Bg2 Rc7 26. Rd8+
Nc8 27. Rxc8+ {1-0 (27) Gaso,R (2180)-Pauli,A (2130) Bayern 1998}) 8. Nf4 Bf5
9. h5 g6 10. Bd3 gxh5 11. Bxf5 exf5 12. Qd3 h4 13. Qxf5 Nh6 14. Qh5 Qe7 15.
Nfxd5 cxd5 16. Nxd5 Qd8 17. Nf6+ Ke7 18. Bd2 Qxd4 19. O-O-O Qc4 20. Kb1 Ke6 21.
Rhe1 Nc6 22. Re4 Qb5 23. Bxh6 Bxh6 (23... Nxe5) 24. Rd6+ Ke7 25. Rd7+ 1-0

[Event "Vaujany 2019 Accession"]
[Site "Vaujany"]
[Date "2019.07.17"]
[Round "7.16"]
[White "Breuil, Tristan"]
[Black "Rodriguez, Jean-Pierre"]
[Result "1-0"]
[WhiteElo "1650"]
[BlackElo "1547"]
[PlyCount "37"]
[EventDate "2019.07.??"]
[EventType "swiss"]
[EventRounds "9"]
[EventCountry "FRA"]

1. e4 g6 2. d4 Bg7 3. Nc3 d6 4. Bg5 h6 5. Bh4 Nf6 6. f4 c6 7. Nf3 O-O 8. Qd2 b5
9. e5 dxe5 10. fxe5 Nh7 11. Bd3 g5 12. Bf2 Be6 13. O-O f5 14. exf6 Nxf6 15. Ne5
Nd5 16. Ng6 Rf7 17. Qe2 Rf6 18. Nxd5 Qxd5 19. Nxe7+ 1-0

[Event "Vaujany 2019 Accession"]
[Site "Vaujany"]
[Date "2019.07.17"]
[Round "7.17"]
[White "Gipouloux, Laurent"]
[Black "Gaudin, Bruno"]
[Result "1-0"]
[WhiteElo "1624"]
[BlackElo "1510"]
[PlyCount "77"]
[EventDate "2019.07.??"]
[EventType "swiss"]
[EventRounds "9"]
[EventCountry "FRA"]

1. e4 d6 2. Nf3 Nf6 3. Nc3 e5 4. d4 Nbd7 5. Bc4 Be7 6. O-O h6 7. d5 (7. Re1) (
7. Qe2) (7. a4) 7... c6 8. dxc6 bxc6 9. b3 g5 10. Qe2 Qc7 11. a3 Nf8 12. Bb2
Ng6 13. g3 g4 14. Nd2 Rg8 15. Nd1 Nf4 16. gxf4 exf4 17. e5 Nh5 18. exd6 Qxd6
19. Ne4 Qg6 20. Bd3 Bf5 21. Nd6+ Kf8 22. Nxf5 Qe6 23. Qxe6 fxe6 24. Nxe7 Kxe7
25. Kh1 Raf8 26. Rg1 Rg5 27. Nc3 Nf6 28. Ne4 Nxe4 29. Bxe4 h5 30. h4 Rgg8 31.
Bd4 Kd7 32. Rad1 Kc8 33. Bxc6 g3 34. fxg3 fxg3 35. Kg2 Rd8 36. Be5 Rdf8 37.
Bxg3 e5 38. Rd7 Rf4 39. Rgd1 1-0

[Event "Vaujany 2019 Accession"]
[Site "Vaujany"]
[Date "2019.07.18"]
[Round "8.1"]
[White "Kezic, Andreas"]
[Black "Bosc, Gabriel"]
[Result "1/2-1/2"]
[WhiteElo "1878"]
[BlackElo "1861"]
[PlyCount "74"]
[EventDate "2019.07.??"]
[EventType "swiss"]
[EventRounds "9"]
[EventCountry "FRA"]

1. e4 c5 2. Nf3 Nc6 3. d4 cxd4 4. Nxd4 g6 5. Nc3 Bg7 6. Be3 Nf6 7. Bc4 O-O 8.
Bb3 a6 (8... d6) (8... a5) 9. a4 (9. f3 b5 10. Qd2 Na5 (10... Bb7 11. O-O-O Rc8
12. h4 Na5 13. Kb1 Qc7 14. h5) 11. O-O-O Nxb3+ 12. Nxb3 d6) 9... Ng4 (9... d6
10. f3 Bd7 11. O-O Rc8 12. Nd5 Na5 13. c3 Nxb3 14. Qxb3 Bc6 15. Nb6 Rb8 16.
Rfd1 Nd7 17. a5 Nxb6 18. Nxc6 bxc6 19. axb6 Qc8 20. Qc4 c5 21. Rxa6 Qc6 22. b4
Rxb6 23. Rxb6 Qxb6 24. bxc5 dxc5 25. Qxc5 Qb3 26. Rc1 e6 27. Qb4 Qa2 28. c4 Be5
29. c5 Rb8 30. Qc4 Qa3 31. Bf2 Rb4 32. Qf1 Bf4 33. Ra1 Qc3 34. Ra8+ Kg7 35. Qa1
Qxa1+ 36. Rxa1 Rc4 37. g3 Be5 38. Rd1 g5 39. Be3 h6 40. Kg2 Kg6 41. Rc1 Rxc1
42. Bxc1 Kf6 43. f4 gxf4 44. Bxf4 Bxf4 45. gxf4 Ke7 46. Kg3 Kd7 47. Kh4 Kc6 48.
Kh5 Kxc5 49. Kxh6 Kd4 50. e5 Ke4 51. Kg5 {1-0 (51) Braun,M (2159)-Kulcsar,G 
(2020) Hungary 1999}) 10. Nxc6 Nxe3 11. Nxd8 Nxd1 12. Nxd1 Rxd8 13. c3 d6 14.
Ne3 Be6 15. Bd5 Rab8 16. O-O b5 17. axb5 Rxb5 18. Bxe6 fxe6 19. Rfb1 Rdb8 20.
Nd1 a5 21. Ra3 d5 22. Rba1 d4 23. cxd4 Bxd4 24. Rxa5 Rxa5 25. Rxa5 Bxb2 26. Kf1
Bd4 27. Ke2 Rb3 28. Ra2 Kf7 29. Rd2 e5 30. Rd3 Rb4 31. Ne3 Bxe3 32. Kxe3 Kf6
33. f3 Rb2 34. Rd2 Rb3+ 35. Kf2 Rc3 36. Kg3 Rc1 37. Rb2 Ra1 1/2-1/2

[Event "Vaujany 2019 Accession"]
[Site "Vaujany"]
[Date "2019.07.18"]
[Round "8.2"]
[White "Deneyer, Frank"]
[Black "Leal, Yves"]
[Result "1-0"]
[WhiteElo "1870"]
[BlackElo "1720"]
[PlyCount "111"]
[EventDate "2019.07.??"]
[EventType "swiss"]
[EventRounds "9"]
[EventCountry "FRA"]

1. e4 c5 2. d4 cxd4 3. c3 d3 4. Bxd3 Nc6 5. c4 g6 6. Nc3 Nf6 7. g4 d6 8. f3 Be6
9. Nge2 Bg7 10. Be3 Nd7 11. O-O O-O 12. h4 Nb6 13. b3 f5 14. gxf5 gxf5 15. Rc1
Bd7 16. Rf2 Ne5 17. exf5 Nxd3 18. Qxd3 Bxf5 19. Qd2 Qd7 20. h5 Rad8 21. Bh6 Rf7
22. Rg2 Kh8 23. Kf2 Bh3 24. Rxg7 Rxg7 25. Bxg7+ Kxg7 26. Rg1+ Kf7 27. Qh6 Qf5
28. Rg7+ Ke8 29. Qxh7 Qxh7 30. Rxh7 Bf5 31. Rh8+ Kd7 32. Rxd8+ Kxd8 33. Kg3 Nd7
34. Nd4 Bd3 35. Ne4 Nf6 36. Nxf6 exf6 37. f4 Ke7 38. f5 a6 39. a3 Be4 40. Kf4
d5 41. c5 Kf8 42. Ne6+ Kg8 43. Nd8 Bg2 44. Nxb7 d4 45. Nd6 Bd5 46. b4 Bc6 47.
Ne4 Kg7 48. Nd2 Kh6 49. Nb3 d3 50. Ke3 d2 51. Kxd2 Kxh5 52. Nd4 Bd7 53. c6 Bc8
54. a4 Kh6 55. b5 axb5 56. axb5 1-0

[Event "Vaujany 2019 Accession"]
[Site "Vaujany"]
[Date "2019.07.18"]
[Round "8.3"]
[White "Bartels, Marco"]
[Black "Josse, Mathilde"]
[Result "1-0"]
[WhiteElo "1755"]
[BlackElo "1696"]
[PlyCount "67"]
[EventDate "2019.07.??"]
[EventType "swiss"]
[EventRounds "9"]
[EventCountry "FRA"]

1. Nc3 d6 2. e4 c5 3. g3 Nc6 4. Bg2 Nf6 5. d3 Bg4 6. f3 Bd7 7. Nh3 Qc8 8. Nf4
Nd4 9. Ncd5 Nxd5 10. Nxd5 e6 11. Ne3 Be7 12. c3 Nc6 13. f4 O-O 14. O-O b5 15.
g4 Rb8 16. Qe1 b4 17. Qg3 Qa6 18. Nd1 Na5 19. g5 f5 20. gxf6 Rxf6 21. f5 exf5
22. exf5 Bxf5 23. Bg5 Rg6 24. Rxf5 h6 25. h4 hxg5 26. hxg5 Bxg5 27. Rxg5 Rxg5
28. Qxg5 Qxd3 29. Bd5+ Kh8 30. Nf2 Qh7 31. Kg2 Rf8 32. Rh1 Qxh1+ 33. Kxh1 Rxf2
34. Qh5# 1-0

[Event "Vaujany 2019 Accession"]
[Site "Vaujany"]
[Date "2019.07.18"]
[Round "8.4"]
[White "Beurois, Alexandre"]
[Black "Hebrard, Emmanuel"]
[Result "1-0"]
[WhiteElo "1701"]
[BlackElo "1745"]
[PlyCount "51"]
[EventDate "2019.07.??"]
[EventType "swiss"]
[EventRounds "9"]
[EventCountry "FRA"]

1. d4 f5 2. Bg5 Nf6 3. e3 e6 4. c4 d5 5. Nc3 c6 6. Bd3 Bd6 7. Qc2 O-O 8. Nge2
a6 9. O-O-O dxc4 10. Bxc4 b5 11. Bb3 Kh8 12. f3 a5 13. a4 Qb6 14. e4 Be7 15. e5
Nd5 16. Bxe7 Nxe7 17. g4 fxg4 18. fxg4 Na6 19. h4 Nb4 20. Qb1 Ned5 21. Bxd5
Nxd5 22. h5 Ba6 23. Ne4 bxa4 24. Ng5 g6 25. hxg6 a3 26. g7+ 1-0

[Event "Vaujany 2019 Accession"]
[Site "Vaujany"]
[Date "2019.07.18"]
[Round "8.5"]
[White "Thoue, Jean Claude"]
[Black "Trevisiol, Antoine"]
[Result "1/2-1/2"]
[WhiteElo "1721"]
[BlackElo "1687"]
[PlyCount "74"]
[EventDate "2019.07.??"]
[EventType "swiss"]
[EventRounds "9"]
[EventCountry "FRA"]

1. e4 e6 2. d4 d5 3. Nc3 Bb4 4. e5 c5 5. Bd2 (5. a3 Bxc3+ 6. bxc3) (5. Qg4 Ne7)
5... cxd4 (5... Ne7 6. Nb5 Bxd2+ 7. Qxd2 O-O) 6. Nb5 Bf8 (6... Bc5) (6... Bxd2+
7. Qxd2) 7. Nxd4 Nc6 8. Ngf3 Bc5 9. Bc3 Qb6 10. Be2 Nge7 11. O-O Ng6 12. Qd2 a6
13. Nb3 Bb4 14. Rfe1 Bd7 15. Bd3 Bxc3 16. bxc3 Qc7 17. Qg5 Nce7 18. h4 h5 19.
Nbd4 Qxc3 20. Rab1 b5 21. g4 hxg4 22. Qxg4 Qa5 23. h5 Nf8 24. Ng5 Qa4 25. c3 f5
26. exf6 gxf6 27. Ngxe6 Bxe6 28. Rxe6 Nxe6 29. Qxe6 b4 30. Re1 Qd7 31. Bg6+ Kd8
32. Qb6+ Kc8 33. Rxe7 Qg4+ 34. Kf1 Qh3+ 35. Ke2 Qg4+ 36. Kf1 Qh3+ 37. Kg1 Qg4+
1/2-1/2

[Event "Vaujany 2019 Accession"]
[Site "Vaujany"]
[Date "2019.07.18"]
[Round "8.6"]
[White "Phelan, Leo"]
[Black "Corfield, Zoe"]
[Result "1/2-1/2"]
[WhiteElo "1780"]
[BlackElo "1682"]
[PlyCount "164"]
[EventDate "2019.07.??"]
[EventType "swiss"]
[EventRounds "9"]
[EventCountry "FRA"]

1. d4 d6 2. c4 Nf6 3. Nc3 g6 4. e4 Bg7 5. Be2 O-O 6. Be3 c5 7. e5 dxe5 8. dxe5
Nfd7 9. f4 Nc6 10. Nf3 Qa5 11. O-O Qc7 12. Qe1 Nb6 13. Nb5 Qb8 14. Bxc5 f6 15.
Nbd4 fxe5 16. Nxc6 bxc6 17. fxe5 Rf7 18. Bd4 Be6 19. Ng5 Rxf1+ 20. Qxf1 Bf5 21.
Qf4 c5 22. Bxc5 Qxe5 23. Qxe5 Bxe5 24. Bf3 Rc8 25. Bxb6 axb6 26. Bd5+ Kg7 27.
Re1 Bd4+ 28. Kh1 e5 29. b3 Bc3 30. Re3 Bd2 31. Ne6+ Kf6 32. Re2 Bc3 33. Rf2 Ke7
34. Ng5 Kd6 35. Nxh7 b5 36. Ng5 bxc4 37. Bxc4 Kc5 38. Re2 Rd8 39. h3 Rd1+ 40.
Kh2 Kb4 41. Ne4 Bd4 42. Nd6 Bg1+ 43. Kg3 Rxd6 44. Rxe5 Rd2 45. a4 Bc2 46. Rb5+
Kc3 47. a5 Bd3 48. Rd5 Bd4 49. a6 Bxc4 50. bxc4 Kxc4 51. Rg5 Ba7 52. Rxg6 Kb5
53. Kh4 Bb6 54. g4 Kxa6 55. Kg5 Kb7 56. Rg7+ Kc8 57. Rh7 Rd5+ 58. Kg6 Rd6+ 59.
Kh5 Rd5+ 60. g5 Kd8 61. h4 Be3 62. Kg6 Ke8 63. Rh8+ Ke7 64. Ra8 Rd6+ 65. Kh5
Rd5 66. Kg6 Rd6+ 67. Kh5 Rd5 68. Ra4 Kf7 69. Rb4 Rc5 70. Rb7+ Kg8 71. Re7 Bc1
72. Re6 Kf7 73. Rf6+ Kg7 74. Rg6+ Kh7 75. Rb6 Bd2 76. Rb7+ Kg8 77. Rd7 Bc1 78.
Rd6 Kg7 79. Rf6 Rc2 80. Rf5 Rc6 81. Rd5 Be3 82. g6 Rc5 1/2-1/2

[Event "Vaujany 2019 Accession"]
[Site "Vaujany"]
[Date "2019.07.18"]
[Round "8.7"]
[White "Fahys, Bertrand"]
[Black "David, Pierre Yves"]
[Result "1-0"]
[WhiteElo "1888"]
[BlackElo "1795"]
[PlyCount "39"]
[EventDate "2019.07.??"]
[EventType "swiss"]
[EventRounds "9"]
[EventCountry "FRA"]

1. c4 e5 2. Nc3 Nf6 3. g3 d5 4. cxd5 Nxd5 5. Bg2 Nb6 6. Nf3 Nc6 7. O-O Be7 8.
b3 g5 9. Bb2 g4 10. Ne1 Be6 11. Rc1 h5 12. Ne4 f5 13. Nc5 Bxc5 14. Rxc5 Bd5 15.
Qc2 Qd6 16. Rxd5 Nxd5 17. Qxf5 Ke7 18. Nc2 Qe6 19. Ba3+ Kd7 20. Qd3 1-0

[Event "Vaujany 2019 Accession"]
[Site "Vaujany"]
[Date "2019.07.18"]
[Round "8.8"]
[White "Sesia, Noah"]
[Black "Prieur Drevon, Gabin"]
[Result "1/2-1/2"]
[WhiteElo "1652"]
[BlackElo "1548"]
[PlyCount "82"]
[EventDate "2019.07.??"]
[EventType "swiss"]
[EventRounds "9"]
[EventCountry "FRA"]

1. d4 d5 2. Bf4 Nf6 3. e3 c5 (3... e6) (3... Bf5) (3... c6) (3... g6) (3... Bg4
) 4. c3 Nc6 5. Nd2 Qb6 (5... Bf5) (5... e6) 6. Qb3 Bf5 (6... c4 7. Qc2 (7. Qxb6
axb6 8. a3)) 7. dxc5 Qxb3 8. axb3 e5 9. Bg3 Bxc5 10. Bb5 (10. b4 Bd6 11. Ngf3
Nd7 12. Bb5 f6 13. O-O (13. Bxc6 bxc6 14. Nd4 exd4 15. Bxd6 dxe3 16. fxe3 Nb6
17. Bc5 Nc4 18. Nxc4 dxc4 19. Bxa7 O-O 20. O-O Bd3 21. Rfe1 Rf7 22. Bc5 Rxa1
23. Rxa1 Rd7 24. Ra5 Be4 25. Bd4 Bd5 26. Kf2 h5 27. e4 Bxe4 28. Rxh5 Rd5 29. g4
Rxh5 30. gxh5 Kh7 31. Ke3 Bc2 32. Bc5 Ba4 33. Kd4 Bb5 34. Bf8 Kh6 35. Kc5 f5
36. Kd4 Kxh5 37. Bxg7 Kg4 38. Ke3 f4+ 39. Kf2 Kh3 40. Kg1 Ba4 41. Be5 f3 42.
Kf2 Kg4 43. Bg3 Bb5 44. Ke3 Ba6 45. Bf2 Kh3 46. Bg1 Kg4 47. Ke4 Bb5 48. Ke3 Ba6
49. Bf2 Kh3 50. Bg3 Kg2 51. Kf4 f2 52. Bxf2 Kxh2 53. Kf3 {1/2-1/2 (53)
Danielsen,H (2542)-Anwesh,U (2413) Visakhapatnam 2011}) 13... Ke7) 10... Nd7
11. Ngf3 f6 12. O-O O-O 13. b4 Bb6 (13... Bd6 14. Bxc6 bxc6 15. Nd4 exd4 16.
Bxd6 Rfe8 17. exd4 (17. cxd4)) 14. Ra3 Rac8 15. Nb3 a6 16. Be2 Rfd8 17. Rd1 Nf8
18. Na5 Nxa5 19. bxa5 Bc5 20. Raa1 Ne6 21. Rac1 Rc7 22. Nd4 exd4 23. Bxc7 Nxc7
24. exd4 Bd6 25. Bf3 Re8 26. Re1 Rxe1+ 27. Rxe1 Kf7 28. g3 Bd3 29. Re3 Bc4 30.
Bg4 Bb5 31. Kg2 g6 32. Bc8 Bc6 33. Kf3 f5 34. h3 Kf6 35. Ke2 h6 36. Kd3 g5 37.
Re1 f4 38. g4 Kf7 39. b3 Kf6 40. Bf5 Be8 41. Bc8 Bc6 1/2-1/2

[Event "Vaujany 2019 Accession"]
[Site "Vaujany"]
[Date "2019.07.18"]
[Round "8.9"]
[White "Masalles, Gabriel"]
[Black "Salvi, Michel"]
[Result "1-0"]
[WhiteElo "1597"]
[BlackElo "1661"]
[PlyCount "57"]
[EventDate "2019.07.??"]
[EventType "swiss"]
[EventRounds "9"]
[EventCountry "FRA"]

1. e4 c6 2. d4 d5 3. e5 c5 (3... Bf5 4. Nf3 (4. Nc3) (4. h4)) 4. c3 Nc6 5. Nf3
Bf5 (5... Bg4 6. Be2 e6) 6. Nh4 Bxb1 7. Rxb1 Qa5 8. Qb3 O-O-O 9. Bd2 Nxd4 (9...
cxd4 10. cxd4 Qc7 11. Rc1 e6 12. Qc3 f6) 10. cxd4 Qc7 11. Rc1 e6 12. Qc3 f6 13.
dxc5 fxe5 14. c6 b6 15. Qh3 Re8 16. Ng6 hxg6 17. Qxh8 Nf6 18. Qh3 Ne4 19. Ba6+
Kb8 20. f3 Nc5 21. Be2 e4 22. O-O exf3 23. Qxf3 Bd6 24. Bf4 e5 25. Bg3 Ne4 26.
Qf7 Qxf7 27. Rxf7 Bc5+ 28. Kf1 Be3 29. c7+ 1-0

[Event "Vaujany 2019 Accession"]
[Site "Vaujany"]
[Date "2019.07.18"]
[Round "8.10"]
[White "Drevet, Florian"]
[Black "Hodot, Yves"]
[Result "1-0"]
[WhiteElo "1595"]
[BlackElo "1850"]
[PlyCount "127"]
[EventDate "2019.07.??"]
[EventType "swiss"]
[EventRounds "9"]
[EventCountry "FRA"]

1. d4 f5 2. Bg5 c6 (2... g6) (2... Nf6) (2... h6) 3. e3 Qb6 4. Nf3 d6 (4...
Qxb2 5. Nbd2 Qb6 6. Ne5) 5. Bd3 Na6 (5... g6 6. Nbd2 Bg7 7. Nc4 Qc7) 6. Nbd2
Nb4 7. Be2 h6 8. Nh4 (8. Bh4 Be6) 8... Be6 9. Bh5+ Kd7 10. Ng6 hxg5 11. Nxh8 g6
12. Nxg6 Bg7 13. O-O Kc7 14. c3 Nd5 15. e4 Ndf6 16. exf5 Bxf5 17. Nc4 Qa6 18.
b3 g4 19. Nf4 Bh6 20. Bg6 Bd7 21. Ne2 Nd5 22. Qc2 Rf8 23. Ng3 b5 24. Nb2 Qc8
25. c4 Nf4 26. cxb5 Kb7 27. bxc6+ Qxc6 28. Be4 d5 29. Qxc6+ Bxc6 30. Bf5 Nf6
31. Rfe1 Rf7 32. Nd3 Nxd3 33. Bxd3 Bd2 34. Nf5 Bxe1 35. Rxe1 Ne4 36. Bxe4 dxe4
37. Ng3 Rf4 38. Re3 Kc7 39. Nf1 Kd6 40. Nd2 e5 41. g3 Rf5 42. Nxe4+ Kc7 43.
dxe5 Rxe5 44. Nf6 Rc5 45. Kf1 Bf3 46. Re1 Rf5 47. Ne4 Re5 48. Rc1+ Kb6 49. Nd2
Be2+ 50. Kg2 Kb5 51. Re1 Kb4 52. Kg1 Re6 53. f4 Kc3 54. Nc4 Bxc4 55. Rc1+ Kd3 (
55... Kd2) 56. bxc4 Kd2 57. Rf1 Rc6 58. f5 Rxc4 59. f6 Rc8 60. f7 Rf8 61. Kg2
Ke2 62. Rf4 Ke3 63. h4 gxh3+ 64. Kxh3 {et les noirs perdent au temps} 1-0

[Event "Vaujany 2019 Accession"]
[Site "Vaujany"]
[Date "2019.07.18"]
[Round "8.12"]
[White "Lees, Jean Pierre"]
[Black "Jean, Robert"]
[Result "0-1"]
[WhiteElo "1710"]
[BlackElo "1564"]
[PlyCount "86"]
[EventDate "2019.07.??"]
[EventType "swiss"]
[EventRounds "9"]
[EventCountry "FRA"]

1. d4 Nf6 2. c4 g6 3. Nc3 Bg7 4. e4 d6 5. Be2 O-O 6. Bg5 c5 7. d5 Qa5 8. Qd2 (
8. Bd2 a6 9. a4 e6 10. Nf3 exd5 11. exd5 Bg4 12. O-O) 8... a6 9. Nf3 b5 10. Nd1
(10. cxb5 axb5 11. Bxb5 Nxe4 12. Nxe4 Qxb5 13. Nc3) 10... Qxd2+ 11. Nxd2 b4 12.
O-O Nbd7 13. f3 h6 14. Bh4 a5 15. a3 Bb7 16. a4 Rfe8 17. Ra2 e6 18. Ne3 exd5
19. cxd5 Nxd5 20. Nec4 Nf4 21. Re1 Bf8 22. Bg3 Nxe2+ 23. Rxe2 d5 24. Nd6 Bxd6
25. Bxd6 dxe4 26. Nxe4 Bxe4 27. fxe4 c4 28. Ra1 Ne5 29. Rc1 Rac8 30. Bxe5 Rxe5
31. Rec2 Rec5 32. Kf2 c3 33. b3 Kg7 34. Ke3 Kf6 35. Kd4 R5c7 36. Rf1+ Ke6 37.
e5 Rd8+ 38. Ke4 Rcd7 39. Rf6+ Ke7 40. Rcf2 Ke8 41. e6 fxe6 42. Rxe6+ (42. Rf8+
Ke7 43. R2f7+ Kd6 44. Rxd8 Rxd8) 42... Re7 43. Ke5 Rd2 0-1

[Event "Vaujany 2019 Accession"]
[Site "Vaujany"]
[Date "2019.07.19"]
[Round "9.1"]
[White "Bosc, Gabriel"]
[Black "Bartels, Marco"]
[Result "0-1"]
[WhiteElo "1861"]
[BlackElo "1755"]
[PlyCount "46"]
[EventDate "2019.07.??"]
[EventType "swiss"]
[EventRounds "9"]
[EventCountry "FRA"]

1. f4 e5 2. fxe5 Nc6 (2... d6 3. exd6 Bxd6 4. Nf3) 3. Nf3 g5 4. d4 g4 5. Bg5 (
5. Ng5 d5 6. exd6 Qxd6) 5... Be7 6. Bxe7 Qxe7 7. Ng1 Qb4+ 8. c3 (8. Nc3 $142
Qxd4 9. Qxd4 Nxd4 10. O-O-O Nc6) 8... Qxb2 9. e3 (9. Nd2 Qxc3) 9... Qxa1 10.
Qc2 d6 11. Bc4 Na5 12. Bxf7+ Kxf7 13. Ne2 Be6 14. O-O+ Ke7 15. exd6+ cxd6 16.
d5 Bxd5 17. Qf5 Qxa2 18. Nf4 Be6 19. Qg5+ Kd7 20. Qg7+ Ne7 21. Nh5 Rhf8 22.
Nf6+ Rxf6 23. Qxf6 Bd5 0-1

[Event "Vaujany 2019 Accession"]
[Site "Vaujany"]
[Date "2019.07.19"]
[Round "9.2"]
[White "Beurois, Alexandre"]
[Black "Kezic, Andreas"]
[Result "1/2-1/2"]
[WhiteElo "1701"]
[BlackElo "1878"]
[PlyCount "81"]
[EventDate "2019.07.??"]
[EventType "swiss"]
[EventRounds "9"]
[EventCountry "FRA"]

1. d4 Nf6 2. c4 e6 3. Nc3 Bb4 4. Nf3 d5 5. cxd5 exd5 6. Bg5 c6 (6... h6) (6...
Nbd7) (6... O-O) 7. e3 Nbd7 8. Bd3 Qa5 9. Qc2 O-O 10. O-O Re8 11. Rac1 Bd6 12.
Rfe1 h6 13. Bh4 Qd8 14. e4 dxe4 15. Nxe4 Be7 16. Nc3 Nb6 17. h3 Be6 18. Bg3
Nfd5 19. Bh7+ Kh8 20. Rxe6 fxe6 21. Ne5 Rf8 22. Ng6+ Kxh7 23. Nxf8+ Kg8 24.
Nxe6 Qd7 25. Re1 Bf6 26. Nc5 Qf7 27. N3e4 Bxd4 28. Nd6 Qf6 29. Ncxb7 Bxb2 30.
Qxc6 Qc3 31. Re8+ Rxe8 32. Qxe8+ Kh7 33. Qe4+ Kg8 34. Nd8 Qf6 35. Qe8+ Kh7 36.
Ne6 Qe7 37. Qxe7 Nxe7 38. Nb5 a6 39. Nbc7 a5 40. Nc5 Ned5 41. Nxd5 1/2-1/2